000 00567nam a22001937a 4500
003 OSt
005 20251120131757.0
008 251120b |||||||| |||| 00| 0 eng d
020 _a1-931933-85-5.
040 _aDWCL-Main lib
_cOC
082 _aGr. 030 T583 2003
100 _aBrunner Borgna
245 _aTime almanac 2004 with information please
_cBrunner Borgna
260 _aNeedham, Ma. :
_bPearson Education, Inc.,
_cc2003.
300 _a1039 pages :
_billustration ;
_c24 cm.
504 _aIncludes index.
650 _21. Almanacs.
942 _2ddc
_cGR
_kGr.
_n0
999 _c5877
_d5877